Sổ tay khảo sát - thiết kế quản lý - vận hành các hệ thống cấp nước nông thôn

Uloženo v:
Podrobná bibliografie
Hlavní autor:  Trịnh, Xuân Lai
Médium: Sách
Jazyk:Undetermined
Vydáno:  Xây dựng  2012
Témata:
Tagy: Přidat tag
Žádné tagy, Buďte první, kdo otaguje tento záznam!
Thư viện lưu trữ: Trung tâm Thư viện - Trường Đại học Công nghiệp TP. Hồ Chí Minh
LEADER 00582nam a2200157Ia 4500
001 UIH_07825
008 231011s9999 xx 000 0 und d
082 |a  628.1 
100 |a  Trịnh, Xuân Lai 
245 0 |a  Sổ tay khảo sát - thiết kế quản lý - vận hành các hệ thống cấp nước nông thôn 
245 0 |c  Trịnh, Xuân Lai 
260 |b  Xây dựng 
260 |c  2012 
650 |a  Cung cấp nước;  
927 |a Sách 
980 |a Trung tâm Thư viện - Trường Đại học Công nghiệp TP. Hồ Chí Minh